Loading...
| Literature - American Literature | 1 | 5 | 3 | 0 | 50 | 69 | 101.83 | 6 | 6 |
| Literature - British Literature | 3 | 1 | 1 | 0 | 50 | 19 | 55.25 | 4 | 4 |
| Literature - European Literature | 1 | 4 | 2 | 0 | 45 | 78 | 115.00 | 4 | 5 |
| Science - Physics | 1 | 3 | 1 | 0 | 40 | 67 | 73.75 | 2 | 4 |
| Science - Other Science | 2 | 1 | 1 | 0 | 35 | 66 | 83.00 | 2 | 3 |
| Literature - World Literature | 0 | 4 | 2 | 0 | 30 | 79 | 105.25 | 2 | 4 |
| Science - Biology | 0 | 3 | 0 | 0 | 30 | 94 | 108.00 | 0 | 3 |
| Philosophy | 0 | 3 | 0 | 0 | 30 | 91 | 110.33 | 2 | 3 |
| Mythology | 0 | 3 | 0 | 0 | 30 | 65 | 92.00 | 1 | 3 |
| Social Science | 1 | 1 | 0 | 1 | 25 | 74 | 100.50 | 0 | 2 |
| Religion | 1 | 1 | 0 | 1 | 25 | 43 | 90.00 | 1 | 2 |
| Fine Arts - Other Fine Arts | 1 | 1 | 1 | 0 | 20 | 36 | 65.00 | 2 | 2 |
| Fine Arts - Visual Fine Arts | 0 | 2 | 0 | 0 | 20 | 123 | 132.00 | 1 | 2 |
| Other Academic | 0 | 1 | 0 | 0 | 10 | 108 | 108.00 | 1 | 1 |
| Science - Chemistry | 0 | 1 | 1 | 0 | 5 | 111 | 111.00 | 1 | 1 |
| History - American History | 0 | 1 | 1 | 0 | 5 | 108 | 108.00 | 0 | 1 |
| Fine Arts - Auditory Fine Arts | 0 | 0 | 0 | 0 | 0 | 0.00 | 0 | 0 | |
| History - World History | 0 | 0 | 3 | 0 | -15 | 0.00 | 0 | 0 |